Student’s Manual for Seminars: Erasmus course - Marketing in English Academic Year 2016/2017

Gespeichert in:
Bibliographische Detailangaben
1. Verfasser: Oreský, Milan, 1956-
Körperschaft: Ekonomická univerzita v Bratislave
Format: Buch
Sprache:Englisch
Veröffentlicht: Bratislava [University of Economics in Bratislava] 2017
Ausgabe:1st Edition
Schlagworte:
Tags: Tag hinzufügen
Keine Tags, Fügen Sie das erste Tag hinzu!

MARC

LEADER 00000nam a2200000 4500
001 0268306
005 20240822101711.8
041 0 |a eng 
044 |a SK 
245 1 0 |a Student’s Manual for Seminars: Erasmus course - Marketing in English  |b Academic Year 2016/2017  |c Milan Oreský 
250 |a 1st Edition 
264 1 |a Bratislava  |b [University of Economics in Bratislava]  |c 2017 
300 |a [26 s.] 
610 2 0 |a vzdelávanie vysokoškolské 
610 2 0 |a marketing 
610 2 0 |a angličtina 
610 2 0 |a pojmy 
100 1 |a Oreský, Milan, 1956- 
710 2 |a Ekonomická univerzita v Bratislave